000 00756nac a22002297a 4500
001 BR9101765
003 BR-BrBNA
005 20240105121158.0
008 230509b bl.|||m| |||| 00| 0 por d
040 _aBR-BrBNA
_bpor
_cBiblioteca Nacional de Agricultura
072 _aP40
090 _aP40 BR9101765
110 1 _aDepartamento Nacional de Meteorologia, Brasilia, DF (Brasil)
_93291
245 1 _aBoletim agroclimatologico, abril/1991
260 3 _aBrasilia, DF (Brasil):
_c1991.
300 _a20 p.
490 _aBoletim Agroclimatologico - Departamento Nacional de Meteorologia (Brazil)
_vno. 4
_xISSN 0100-3860
650 _aMETEOROLOGIA
650 _aCLIMATOLOGIA
909 _a202312
_bLúcia Elande
_c55
_dLúcia Elande
942 _2AGRIS
_n0
_cMS
999 _c283767
_d283767